00867nam a2200229Ia 4500003000400000005001700004008004100021020001800062040001800080041000800098082001900106100004200125245009400167250001200261260007200273300002800345650004600373650004000419942002600459999001900485952013300504OSt20251210115157.0210716s2017 xx 000 0 und d a9789352135769 cAIMIT LIBRARY aeng a005.762 bSILJ aSilge, Julia;Robinson, David.9248648 aText mining with r: a tidy approach.btidy approach /cBy Julia Silge and David Robinson. a1st ed. aNew Delhi :bShroff Publications and Distributers Pvt Ltd ,c2017. axii,178 p.;bPBc24 cm. aSentiment analysis with tidy data9248649 aRelationships between words9248650 2ddccBKk005.762 SILJ c195851d195851 001040708MCAaAIMITbAIMITeShroff Publishersg525.00l0o005.762 SILJpMCA15364r2026-05-23 00:00:00v393.75w2021-07-16yBK